000
00202nam a22001097a 4500
040
_c
SY
082
_a
343
100
_a
CHIP BUNTHAVIN
245
_a
Forestry law
260
_a
RUA
_b
CHI
_c
2008
942
_c
KB
999
_c
8967
_d
8967